Statistics for JetPunk Discord Members with the Most Takes on a Single Quiz

Click here to take the quiz!

General Stats

  • This quiz has been taken 32 times
    (10 since last reset)
  • The average score is 11 of 16

Answer Stats

TakesQuizNameMessages% Correct
12,266,079Countries of the World QuizQuizmaster (JetPunk)76
100%
64,590Countries in a Ring of the World MapStewart44,942
90%
934,701Countries of the World with an Empty Maprelessness176
80%
29,196Countries of the World in 1914 with a MapIAB33,759
80%
14,794Countries that Have Won the Most BattlesUG33229,280
80%
28,941Do Not Travel Countries for U.S. CitizensWolfCam1,453
80%
210,339Brand Logos Quiz #1Quizzer679422,547
70%
19,667Random Cities on a World MapNINJAQKk24,536
70%
9,677Every U.S. Metro Area on a MapCringeDragon39,286
70%
42,049Most-Visited Countries by U.S. PresidentsGassu1,971
60%
14,173Biggest Cities in the World - 2100OskarRB8,215
60%
6,29910 U.S. States with the Highest Tax BurdenFlabberBapper35,110
60%
19,594Largest Countries By CategorySaturnTheQuizzer16,896
50%
17,509Name a Valid Asian Countrya01Lucknowite1,887
50%
12,414U.S. States by Church Attendancebenzeller168
40%
4,797500 Digits of PiThatNorwegianMapper103
30%

Score Distribution

Percentile by Number Answered

Percent of People with Each Score

Your Score History

You have not taken this quiz since the last reset